| 000 | 00000nam##2200000za#4500 |
| 001 | 9.590555 |
| 003 | CaOODSP |
| 005 | 20210624200201 |
| 007 | cr ||||||||||| |
| 008 | 150406|1994||||xxc|||||o f|0| 0 eng|d |
| 040 | |aCaOODSP|beng |
| 041 | |aeng |
| 041 | |afre |
| 043 | |an-cn--- |
| 086 | 1 |aS52-2/222-1994-PDF |
| 110 | 1 |aCanada. |bPublic Works and Government Services Canada. |bTranslation Bureau. |
| 245 | 10|aVocabulary of family violence / |h[electronic resource]|c[by] Marisa Rondina. |
| 260 | |aOttawa - Ontario : |bPublic Works and Government Services Canada. |cc1994. |
| 300 | |a223p. |
| 490 | 1 |aTerminology bulletin|vNo. 222 |
| 500 | |aDigitized edition from print. [Produced by Publishing and Depository Services, 2014.] Issued by Translation Services, Terminology and Linguistic Services Directorate. |
| 504 | |aBibliography. |
| 590 | |a14-22-Supp|b2014-12-24 |
| 720 | 1 |aRondina, Marisa |
| 776 | 0#|tVocabulaire de la violence familiale / |w(CaOODSP)9.523577 |
| 792 | |tVocabulaire de la violence familial / |efre|w(CaOODSP)9.590556 |
| 830 | #0|aTerminology bulletin ;|vNo. 222|w(CaOODSP)9.500139 |
| 856 | 40|ahttp://publications.gc.ca|qPDF|s2310 KB|uhttps://publications.gc.ca/collections/collection_2014/tpsgc-pwgsc/S52-2-222-1994.pdf|yNo. 222 |